| 000 | 01573nam a22002537a 4500 | ||
|---|---|---|---|
| 008 | 240212t20012005ck gr 000 0 spa d | ||
| 020 | _a9789587043358 | ||
| 037 | _3Donación | ||
| 040 |
_aCO-JMCR _cCO-JMCR _dCO-JMCR _erda |
||
| 041 | _aspa | ||
| 082 |
_223 _a301.158 _bM71a |
||
| 100 |
_aMolano, Alfredo, _eautor _942083 |
||
| 245 |
_aAguas arriba : _bentre la coca y el oro / _cAlfredo Molano |
||
| 264 |
_aBogotá : _bEl Ancora Editores , _c©2005 |
||
| 300 |
_a227 páginas ; _c17 cm. |
||
| 500 | _aIncluye glosario -- mapa de Vichada y Guainía | ||
| 505 | _a1. Chispas, el cabo -- 2. Mauricio -- 3. La Gata -- 4. El Joyero | ||
| 520 | _a"No muy lejanas a las aventuras y desventuras de los viajeros españoles del siglo XVI los territorios agrestes y la sed de oro no han variado un ápice, estas crónicas escritas por Molano a partir del testimonio de los propios protagonistas y de su experiencia en tierras de colonos, resultan tan apasionantes como desgarradoras. Con una pluma ágil y brillante, Molano nos adentra en tierras recónditas, en un mundo en buena parte sin Estado, sin sistemas judiciales definidos, donde las normas de convivencia se imponen ya sea espontáneamente o por la fuerza. Un mundo duro, donde sobrevivir no es una tarea sencilla". | ||
| 650 |
_zGuainía (Colombia) _943357 |
||
| 650 |
_zGuainía (Colombia) _943358 |
||
| 650 |
_zGuainía (Colombia) _943359 |
||
| 700 |
_aMelo, Jorge Orlando, _911481 |
||
| 999 |
_c30558 _d16942 |
||